Statistics for One Tree Hill Trivia

Click here to take the quiz!

General Stats

  • This quiz has been taken 2,217 times
  • The average score is 7 of 15

Answer Stats

HintAnswer% Correct
Haley's Tattoo23
92%
Lucas's Basketball Jersey Number3
76%
Haley's Middle NameBob
68%
Haley's Nickname Given By Brooke in 3rd SeasonTutor Girl
67%
Jamie's Rabbit's NameChester
66%
Theme SongI Don't Wanna Be
62%
What Team is Nathan Drafted ToBobcats
56%
Karen's Daughter's NameLilly
55%
Brooke's Mom's NicknameBitchtoria
35%
Skill's Real NameAntwon Taylor
31%
August Kellerman's Dog's NameDogust
31%
Nathan's Middle NameRoyal
29%
Food of the GodsMacaroni and Cheese
18%
Song Nathan Skills and Mouth Stripped ToTricky
17%
Name of the Book in the First EpisodeJulius Cesar
7%

Score Distribution

Percentile by Number Answered

Percent of People with Each Score

Your Score History

You have not taken this quiz